Normal view
MARC view
Entry Personal Name
001 - CONTROL NUMBER
- control field: 216462
003 - CONTROL NUMBER IDENTIFIER
- control field: St Aloysius Coll
005 - DATE AND TIME OF LATEST TRANSACTION
- control field: 20250628105023.0
008 - FIXED-LENGTH DATA ELEMENTS
- fixed length control field: 250628|| aca||aabn | a|a d
040 ## - CATALOGING SOURCE
- Original cataloging agency: St Aloysius Coll
- Transcribing agency: St Aloysius Coll
100 ## - HEADING--PERSONAL NAME
- Personal name: Mount, John
670 ## - SOURCE DATA FOUND
- Source citation: Work cat.: (St Aloysius Coll)170649: Nina Zumel 95636, Practical data science with R, 2019